Houses of English Monarchs - Statistics

General Stats
  • This quiz has been taken 49 times
  • The average score is 5 of 9
Answer Stats
Reign Answer % Correct
1910 - Today The Windsors
92%
1485 - 1603 The Tudors
82%
1603 - 1649 and 1660 - 1714 The Stuarts
69%
1461 - 1485 The House of York
67%
1399 - 1461 The House of Lancaster
64%
1154 - 1216 and 1216 - 1399 Plantagenets
41%
1901 - 1910 Saxe-Coburg-Gotha
26%
1066 - 1154 The Normans
26%
1714 - 1901 The House of Hanoverians
13%
No matching quizzes found
Score Distribution
Percent of People with Each Score
Percentile by Number Answered
Your Score History
You have not taken this quiz